000 00362nam a2200145Ia 4500
008 230917s9999||||xx |||||||||||||| ||und||
040 _e99950
_aMAIN
041 _aEnglish
082 _a615.19 L586P
100 _aLewis, Gareth A
245 0 _aPharmaceutical experimental design
260 _aNew York
_bMarcel Dekker
_c1999
300 _a498 p.
942 _cBK
999 _c117865
_d117865